MANUAL OF NURSING PROCEDURE AND PRACTICE (Record no. 2634)

MARC details
000 -LEADER
fixed length control field 00398nam a2200145Ia 4500
008 - FIXED-LENGTH DATA ELEMENTS--GENERAL INFORMATION
fixed length control field 220530s9999 xx 000 0 und d
020 ## - INTERNATIONAL STANDARD BOOK NUMBER
International Standard Book Number 9789386691927
100 ## - MAIN ENTRY--PERSONAL NAME
Personal name OMAYAL ACHI COLLEGE OF NURSING
9 (RLIN) 61521
245 ## - TITLE STATEMENT
Title MANUAL OF NURSING PROCEDURE AND PRACTICE
250 ## - EDITION STATEMENT
Edition statement FIRST
260 ## - PUBLICATION, DISTRIBUTION, ETC. (IMPRINT)
Place of publication, distribution, etc. NEWYORK
Name of publisher, distributor, etc. WOLTERS KLUWER
Date of publication, distribution, etc. 2018
300 ## - PHYSICAL DESCRIPTION
Extent 989
650 ## - SUBJECT ADDED ENTRY--TOPICAL TERM
Topical term or geographic name as entry element NURSING FOUNDATION
9 (RLIN) 61522
Holdings
Withdrawn status Lost status Damaged status Not for loan Home library Current library Date acquired Vendor Cost, normal purchase price Barcode Date last seen Bill Date Koha item type Original Barcode Total Checkouts Date last checked out
        Sitabai Nargundkar College of Nursing Nagpur Sitabai Nargundkar College of Nursing Nagpur 20/10/2018 REFERENCE BOOK DONATED CBS PUBLISHER 800.00 SNCN-BK-2173 05/05/2023 31/05/2022 Donated Book 2173    
        Sitabai Nargundkar College of Nursing Nagpur Sitabai Nargundkar College of Nursing Nagpur 03/02/2020 TEXTBOOK DONATED WOLTERS KLUWER INDIA PVT. LTD. 1250.00 SNCN-BK-2462 22/10/2024 31/05/2022 Donated Book 2462 4 04/10/2024
        Sitabai Nargundkar College of Nursing Nagpur Sitabai Nargundkar College of Nursing Nagpur 03/02/2020 TEXTBOOK DONATED WOLTERS KLUWER INDIA PVT. LTD. 1250.00 SNCN-BK-2463 05/05/2023 31/05/2022 Donated Book 2463